000 00425nam a2200169Ia 4500
999 _c29401
_d29401
003 OSt
005 20250522103035.0
008 250310s9999||||xx |||||||||||||| ||und||
040 _c.
082 _a823.8
_bH268
100 _94316
_aHardy, Thomas
245 0 _aA Pair of blue eyes /
_cThomas Hardy
260 _aLondon :
_bMacmillan & co ltd,
_c1952.
300 _a435 p.
650 0 _92474
_aEnglish fiction
942 _cBK
_2ddc